Регионална библиотека "Любен Каравелов" - Русе

Организация и управление (Запис номер 155600)

MARC детайли
000 -Лидер
Контролно поле с фиксирана дължина nam a22 a 4500
003 - Код на организацията, давaща контролен номер
Контролно поле BLK
005 - Дата и час на последна редакция
Контролно поле 20220713104539.0
008 - Елементи от данни с фиксирана дължина
fixed length control field 180410b bul|||||r ||||||| ||bul||
010 ## - Наследен системен номер
LC control number KNG00162280000
040 ## - Източник на каталожния запис
Идентификатор на билиотеката - собственик на записа BLK
041 ## - Код за език
Код за езика на текст/звукозапис или на отделно заглавие Български
Код за езика КДБФ Български
080 ## - УДК
Текстов определител УДК Теория на организацията. Научно управление на обществото. Социално планиране и развитие. Социално прогнозиране
УДК код - определител по УДК 316.43
УДК - код + определител 316.43
100 1# - Редна дума - Автор
Автор Гвишиани, Джермен Михайлович
Авторска отговорност първи автор
R(LIN) 332922
139 ## - Редно поле
Редна дума Гвишиани, Джермен Михайлович
Авторски знак Гв - Г 26
245 10 - Сведения за заглавието
Заглавие Организация и управление
Подзаглавни данни Моногр.
Редно поле (дума) Джермен Михайлович Гвишиани; прев. от рус. Неделчо Манев.
257 ## - Страна на издаване
Страна на създаване/издаване България
260 ## - Област на издателските данни
Място на издаване, разпространение и проч. София
Име на издателя, разпространителя и проч. Наука и изкуство
Година на издаване 1973
Печатница Плевен : Ал. Пъшев
300 ## - Физическа характеристика
Страници 548 с.
Размери/Мащаб 21 см
380 ## - Жанр
Жанр Обществени науки
500 ## - Общи забележки
Забележка Ориг. загл. Организация и управление. - Изд. на АН - СССР. Инст. за соц. изследвания.- 3 085 тир. - Именен показалец. - Подв.
700 1# - Други автори (авторска отговорност)
Лично име Манев, Неделчо
Автороска отговорност (Описва отношението между автора и произведението) прев. от рус.
9 (RLIN) 376332
852 ## - Местоположение
Форматна сигнатура Цб 68068
Фондова буква Хранилище
856 4# - Електронен адрес и достъп
Електронен формат pdf - файл
856 4# - Електронен адрес и достъп
Електронен формат pdf - файл
999 ## - СИСТЕМНИ КОНТРОЛНИ НОМЕРА
Koha biblionumber 155600
Koha biblioitemnumber 155600
942 ## - АРТИКУЛИ
Вид на библиотечния материал Книги
Скрит в OPAC Не
Периодичен библиозапис Да
944 ## - СЪЗДАВАНЕ И РЕДАКЦИЯ на ЗАПИСА
Създаване/Редакция Създаване
Дата на регистрацията/редакция 19.06.2014
Статус, дата на статуса 19.06.2014 - от С1,Р / 19.06.2014
Служител, извършил регистрацията/редакцията Любка_Николова
944 ## - СЪЗДАВАНЕ И РЕДАКЦИЯ на ЗАПИСА
Създаване/Редакция Редакция
Дата на регистрацията/редакция 2022-07-13
Служител, извършил регистрацията/редакцията ир
999 ## - СИСТЕМНИ КОНТРОЛНИ НОМЕРА
Koha biblioitemnumber 155600
Наличности
Код за отписване Код за изгубен артикул Източник на класификационната схема Код за повреда Коз за рестрикции Код за отдаване Артикулен № Име на библиотеката - собственик Име на библиотеката, в която се намира в момента Статус (Текущо местоположение) Дата на вписване в системата Местоположение - отдел Цена в лева Инвентарен номер Систематично азбучна сигнатура Баркод Номер на екземпляра Цена в евро Служебна бележка Служебен тип на артикула
  Не е изгубен Universal Decimal Classification Не е повреден само за читалня ползва се в читалня 260939 Регионална библиотека "Любен Каравелов" Русе Регионална библиотека "Любен Каравелов" Русе Хранилище 1973-01-01 Хранилище 3.10 139761 Цб 68068 120000139761 1 1.59 N: стар фонд Дата: 01.01.1973 Книги
Vip Innovations Ltd, Rousse, Bulgaria 2025